Whitney Houston songs : Sudden death - Statistics

General Stats
  • This quiz has been taken 170 times
    169 since last reset
  • The average score is 10 of 15
Answers on the Grid
Answers color-coded by a green-red scale on the quiz's grid according to % correct below.
If I Told You That
The Power Of Love
Walk On By
Heartbreak Hotel
I Have Nothing
My Love Is Your Love
Higher Ground
One Moment In time
When You Were Mine
Where Do Broken Hearts go
You Have Been Loved
We Don't Need Another Hero
I Feel For You
All The Man That I Need
I Will Always Love You
Baby Come To Me
Run To You
A Woman's Worth
I'm Your Baby Tonight
So Emotional
Ain't Nobody
The Real Thing
Exhale (Shoop Shoop)
Sweet Love
All At Once
Million Dollar Bill
A night To Remember
Step By Step
When We're Dancing Close and Slow
Never Too Much
 
Answer Stats
Answer % Correct
I Have Nothing
97%
I Will Always Love You
90%
My Love Is Your Love
83%
Where Do Broken Hearts go
76%
Run To You
75%
I'm Your Baby Tonight
73%
One Moment In time
73%
All The Man That I Need
69%
Exhale (Shoop Shoop)
66%
So Emotional
63%
Heartbreak Hotel
61%
Million Dollar Bill
51%
If I Told You That
49%
All At Once
47%
Step By Step
47%
No matching quizzes found
Score Distribution
Percent of People with Each Score
Percentile by Number Answered
Your Score History
You have not taken this quiz since the last reset